000 00534nam a22001937a 4500
003 KOHA_MİRAKIL
005 20250414172604.0
008 250414b tu ||||| |||| 00| 0 tur d
020 _a9789750404269
040 _aTR-AnABB
_btur
_cTR-AnABB
041 _atur
082 _a813.42
_bAPA 2020
100 1 _aApaydın, Talip,
245 1 0 _aSarı traktör /
_cTalip Apaydın
260 _aİstanbul :
_bLiteratür Yayınları,
_c2020
300 _a189 sayfa ;
_c22 cm
650 0 4 _aTürk edebiyatı, roman
942 _2ddc
_cBK
999 _c8688
_d8688
900 _bGizem YORULMAZ